| 000 | 01088njm a22002777a 4500 | ||
|---|---|---|---|
| 005 | 20100909110752.0 | ||
| 007 | sd ammalaaahaa | ||
| 008 | 100907t xxu||||| |||| 00| 0 eng d | ||
| 028 |
_aN. 5015 _bLong King |
||
| 035 | _aGR-02222 | ||
| 040 | _aSED/VEN | ||
| 100 |
_aMangeshkar , Lata _918700 |
||
| 245 |
_aThe geniuine of naushad / _cby Lata Mangeshkar |
||
| 246 | _aडा गीनेऔस ऑफ़ नौशाद/ लता मंगेशकर द्वारा | ||
| 260 |
_aDam Dam, India _bLong King |
||
| 300 |
_a1 Sound Disc [Gramophone Record] : _banalog.33 1/2 rpm _c12.5 in (LP) _fGramophone Record |
||
| 500 | _aBrief Record | ||
| 505 | _aSide 1- जवान है मोह्हब्बत(Jawan hai mohabbat)--Side-2 छोड़ बाबुल का घर (chod babul ka ghar)(lata Mangeshkar) | ||
| 650 |
_aClassical Music _xExcerpts _zIndia _918707 |
||
| 700 | _918701 | ||
| 700 | _918729 | ||
| 700 | _918702 | ||
| 700 | _919401 | ||
| 942 |
_2ddc _cGR |
||
| 999 |
_c45276 _d45276 |
||